000 00603nam a2200241Ia 4500
003 OSt
005 20221007112135.0
006 a|||||r|||| 00| 0
007 ta
008 221006b |||||||| |||| 00| 0 eng d
024 _a25,169
037 _cTextual
040 _aLCO
_cLCO
_beng
041 _2eng
_aeng
082 _aZ2,181, P1
100 _aRamaiya A.
245 0 _aGuide To The Companies Act
250 _a15th
260 _aAgra
_bWadhwa and Company India
_c2001
650 _aCOMPANIES ACT
942 _hZ2,181, P1
_cTEXL
999 _c1194732
_d1194732